| 000 | 00858nam a2200217Ia 4500 | ||
|---|---|---|---|
| 999 |
_c58970 _d58970 |
||
| 003 | GCL | ||
| 005 | 20240530110141.0 | ||
| 008 | 140319s9999 xx 000 0 ara d | ||
| 040 |
_aGCL / _cGCL |
||
| 082 | 0 | 4 |
_a621.38173 \ _bف م |
| 100 | 1 | _aفاروق محمد العامرى | |
| 245 | 1 | 0 |
_aمجموعة الالكترونيات المتطورة 2 المشروعات العلمية الحديثة المتكاملة مكبر العمليات 741 / _cفاروق محمد العامرى ، امين فهمى |
| 260 |
_a[S.N] : _bمركز ناصر للدراسات الالكترونية ، _c1992 |
||
| 300 | _a128 ص. | ||
| 650 | 0 | 4 | _aالهندسة الالكترونية |
| 650 | 0 | 4 | _aالاجهزة الالكترونية |
| 650 | 0 | 4 | _aالكهرباء |
| 650 | 0 | 4 | _aالالكترونيات |
| 700 | 1 | _aامين فهمى | |
| 942 |
_2ddc _cBK |
||